| 000 | 01580cam a22003614a 4500 | ||
|---|---|---|---|
| 001 | 13941122 | ||
| 003 | ARRUPE | ||
| 005 | 20160812092458.0 | ||
| 008 | 050425s2005 nyu b 001 0 eng | ||
| 010 | _a 2005011570 | ||
| 020 | _a0415975883 (hardback) | ||
| 040 |
_aDLC _cDLC _dDLC |
||
| 042 | _apcc | ||
| 043 |
_af------ _af-ke--- _af-za--- |
||
| 050 | 0 | 0 |
_aJQ1879.A15 _bN27 2005 |
| 082 | 0 | 0 |
_a320.96 _222 |
| 100 | 1 |
_aNasong'o, Shadrack Wanjala. _924907 |
|
| 245 | 1 | 0 |
_aContending political paradigms in Africa : _brationality and the politics of democratization in Kenya and Zambia / _cShadrack Wanjala Nasong'o. |
| 260 |
_aNew York : _bRoutledge, _c2005. |
||
| 300 |
_axx, 225 p. ; _c25 cm. |
||
| 490 | 1 | _aAfrican studies | |
| 504 | _aIncludes bibliographical references (p. 205-219) and index. | ||
| 505 | 0 | _aEmergence of authoritarianism -- The forces of democratization -- The centrality of civil society -- The role of ethnicity -- The primacy of lectoral system design -- Rational politcs and democratization -- Prospects democratic consolidation | |
| 650 | 0 |
_aDemocratization _zAfrica. _919055 |
|
| 650 | 0 |
_aDemocratization _zKenya. _924908 |
|
| 650 | 0 |
_aDemocratization _zZambia. _924909 |
|
| 650 | 0 |
_aComparative government. _924910 |
|
| 651 | 0 |
_aAfrica _xPolitics and government _y1960- _924911 |
|
| 830 | 0 |
_aAfrican studies (Routledge (Firm)) _924912 |
|
| 906 |
_a7 _bcbc _corignew _d1 _eecip _f20 _gy-gencatlg |
||
| 942 |
_2lcc _cMONOGRAPH |
||
| 999 |
_c124952 _d124952 |
||